000 00586nam a2200229Ia 4500
003 OSt
005 20221006164101.0
006 a|||||r|||| 00| 0
007 ta
008 221006b |||||||| |||| 00| 0 eng d
024 _a1,001
037 _cTextual
040 _aFML
_cFML
_beng
041 _2eng
_aeng
082 _aPOay, K4
100 _aHymes Dell Au.
_9676566
245 0 _aLanguage In Culture and Society
260 _aNew York
_bHarper & Row
_c1964
300 _a764
_ccm.
942 _hPOay, K4
_cTEXL
_2CC
999 _c1116176
_d1116176